Raum: Konzepte in den Künsten, Kultur- und Naturwissenschaften
| Contributors: | |
|---|---|
| Format: | Print Book |
| Language: | German English |
| Subito Delivery Service: | Order now. |
| Check availability: | HBZ Gateway |
| WorldCat: | WorldCat |
| Interlibrary Loan: | Interlibrary Loan for the Fachinformationsdienste (Specialized Information Services in Germany) |
| Published: |
Baden-Baden
Nomos
2013
|
| In: | Year: 2013 |
| Edition: | 1. Aufl. |
| Series/Journal: | Raum, Stadt, Architektur
1 |
| Standardized Subjects / Keyword chains: | B
Space
/ Arts
/ Science
|
| Further subjects: | B
Collection of essays
B Conference program 2010 (Graz) |
| Online Access: |
Inhaltsbeschreibung Table of Contents |
MARC
| LEADER | 00000cam a2200000 c 4500 | ||
|---|---|---|---|
| 001 | 667883339 | ||
| 003 | DE-627 | ||
| 005 | 20251223230201.0 | ||
| 007 | tu | ||
| 008 | 110907s2013 gw ||||| 00| ||ger c | ||
| 015 | |a 11,N36 |2 dnb | ||
| 015 | |a 11,N36 |2 dnb | ||
| 016 | 7 | |a 1014795656 |2 DE-101 | |
| 020 | |a 3832967613 |c : kart. : EUR 44.00 (DE) |9 3-8329-6761-3 | ||
| 020 | |a 9783832967611 |c Pb. : ca. EUR 44.00 (DE), ca. EUR 45.30 (AT), ca. sfr 62.90 (freier Pr.) |9 978-3-8329-6761-1 | ||
| 024 | 3 | |a 9783832967611 | |
| 035 | |a (DE-627)667883339 | ||
| 035 | |a (DE-576)350436444 | ||
| 035 | |a (DE-599)DNB1014795656 | ||
| 035 | |a (OCoLC)833397431 | ||
| 035 | |a (OCoLC)756332442 | ||
| 040 | |a DE-627 |b ger |c DE-627 |e rakwb | ||
| 041 | |a ger |a eng | ||
| 044 | |c XA-DE-BW | ||
| 072 | 7 | |a 1725 |2 wsb | |
| 082 | 0 | |a 114 |2 22/ger | |
| 082 | 0 | 4 | |a 100 |a 000 |a 700 |q DNB |
| 082 | 0 | 4 | |a 300 |
| 084 | |a EC 2410 |q BVB |2 rvk |0 (DE-625)rvk/20485: | ||
| 084 | |a EC 2430 |q BVB |2 rvk |0 (DE-625)rvk/20487: | ||
| 084 | |a RB 10038 |2 rvk |0 (DE-625)rvk/142220:12595 | ||
| 084 | |a CC 6320 |q BVB |2 rvk |0 (DE-625)rvk/17656: | ||
| 084 | |a LB 65000 |q OBV |2 rvk |0 (DE-625)rvk/90582:772 | ||
| 084 | |a 08.46 |2 bkl | ||
| 084 | |a 74.02 |2 bkl | ||
| 245 | 0 | 0 | |a Raum |b Konzepte in den Künsten, Kultur- und Naturwissenschaften |c Petra Ernst ... (Hrsg.) |
| 246 | 3 | 0 | |a Kulturwissenschaften |
| 250 | |a 1. Aufl. | ||
| 264 | 1 | |a Baden-Baden |b Nomos |c 2013 | |
| 300 | |a 308 S. |b Ill., graph. Darst., Kt. |c 23 cm | ||
| 336 | |a Text |b txt |2 rdacontent | ||
| 337 | |a ohne Hilfsmittel zu benutzen |b n |2 rdamedia | ||
| 338 | |a Band |b nc |2 rdacarrier | ||
| 490 | 1 | |a Raum, Stadt, Architektur |v 1 | |
| 546 | |a Beitr. überw. dt., ein Beitr. engl. | ||
| 583 | 1 | |a Archivierung/Langzeitarchivierung gewährleistet |f PEBW |x XA-DE-BW |2 pdager |5 DE-31 | |
| 601 | |a Konzeption | ||
| 601 | |a Naturwissenschaften | ||
| 655 | 7 | |a Aufsatzsammlung |0 (DE-588)4143413-4 |0 (DE-627)105605727 |0 (DE-576)209726091 |2 gnd-content | |
| 655 | 7 | |a Konferenzschrift |y 2010 |z Graz |0 (DE-588)1071861417 |0 (DE-627)826484824 |0 (DE-576)433375485 |2 gnd-content | |
| 689 | 0 | 0 | |d s |0 (DE-588)4048561-4 |0 (DE-627)106190245 |0 (DE-576)209078448 |2 gnd |a Raum |
| 689 | 0 | 1 | |d s |0 (DE-588)4033422-3 |0 (DE-627)106257315 |0 (DE-576)209001933 |2 gnd |a Künste |
| 689 | 0 | 2 | |d s |0 (DE-588)4066562-8 |0 (DE-627)104393998 |0 (DE-576)209165138 |2 gnd |a Wissenschaft |
| 689 | 0 | |5 DE-101 | |
| 700 | 1 | |e Hrsg. |0 (DE-588)1031410856 |0 (DE-627)736383131 |0 (DE-576)170761924 |4 edt |a Ernst, Petra |d 1957-2016 | |
| 856 | 4 | 2 | |u http://d-nb.info/1014795656/04 |m B:DE-101 |q application/pdf |v 2013-05-01 |x Verlag |3 Inhaltsverzeichnis |7 1 |
| 856 | 4 | 2 | |u https://www.nomos-elibrary.de/10.5771/9783845239491/raum-konzepte-in-den-kuensten-kultur-und-naturwissenschaften |x Verlag |y Inhaltsbeschreibung |7 1 |
| 936 | r | v | |a EC 2410 |b Beziehungen der Literatur zu den Kulturwissenschaften |k Allgemeine und vergleichende Sprach- und Literaturwissenschaft. Indogermanistik. Außereuropäische Sprachen und Literaturen |k Allgemeine und vergleichende Literaturwissenschaft. |k Beziehungen der Literatur zu anderen Gebieten |k Beziehungen der Literatur zu den Kulturwissenschaften |0 (DE-627)1273603532 |0 (DE-625)rvk/20485: |0 (DE-576)203603532 |
| 936 | r | v | |a EC 2430 |b Beziehungen der Literatur zu Philosophie und Psychologie |k Allgemeine und vergleichende Sprach- und Literaturwissenschaft. Indogermanistik. Außereuropäische Sprachen und Literaturen |k Allgemeine und vergleichende Literaturwissenschaft. |k Beziehungen der Literatur zu anderen Gebieten |k Beziehungen der Literatur zu Philosophie und Psychologie |0 (DE-627)1270749196 |0 (DE-625)rvk/20487: |0 (DE-576)200749196 |
| 936 | r | v | |a RB 10038 |b Stellung, Stand, Wesen, Aufgaben, Methoden, Gliederung der Geografie |k Geografie |k Nicht regional gebundene Darstellungen |k Unterlagen für die gesamte Geografie |k Aufgaben der Geografie u.ä. |k Stellung, Stand, Wesen, Aufgaben, Methoden, Gliederung der Geografie |0 (DE-627)1270765817 |0 (DE-625)rvk/142220:12595 |0 (DE-576)200765817 |
| 936 | r | v | |a CC 6320 |b Raum, Zeit, Bewegung |k Philosophie |k Systematische Philosophie |k Naturphilosophie |k Raum, Zeit, Bewegung |0 (DE-627)127063898X |0 (DE-625)rvk/17656: |0 (DE-576)20063898X |
| 936 | r | v | |a LB 65000 |b Darstellung ohne geografischen Bezug |k Sozial- und Kulturanthropologie. Empirische Kulturwissenschaft |k Raum und Ort: Hausforschung, Gemeinde- und Stadtethnologie |k Allgemeines, Theoretisches, Zusammenfassendes |k Darstellung ohne geografischen Bezug |0 (DE-627)1271571390 |0 (DE-625)rvk/90582:772 |0 (DE-576)201571390 |
| 936 | b | k | |a 08.46 |j Naturphilosophie |0 (DE-627)106403001 |
| 936 | b | k | |a 74.02 |j Theorie der Geographie und Anthropogeographie |0 (DE-627)106413201 |
| 951 | |a BO | ||
| ACO | |a 1 | ||
| ELC | |b 1 | ||
| ITA | |a 1 | ||
| LOK | |0 000 xxxxxcx a22 zn 4500 | ||
| LOK | |0 001 3169739050 | ||
| LOK | |0 003 DE-627 | ||
| LOK | |0 004 667883339 | ||
| LOK | |0 005 20131216140220 | ||
| LOK | |0 008 131216||||||||||||||||ger||||||| | ||
| LOK | |0 040 |a DE-21-35 |c DE-627 |d DE-21-35 | ||
| LOK | |0 541 |e 13/249 | ||
| LOK | |0 852 |a DE-21-35 | ||
| LOK | |0 852 1 |c Ms 4.029 |m p |9 00 | ||
| LOK | |0 938 |a 1312 |f K9 | ||
| LOK | |0 938 |k p | ||
| LOK | |0 939 |a 16-12-13 |b l01 | ||
| ORI | |a SA-MARC-ixtheob001.raw | ||
| REL | |a 1 | ||
| SPR | |a 1 |t IXT | ||
| STA | 0 | 0 | |a Arts,Art,Fine arts,Science,Science,Science in art,Space,Space,Space,Space concept,Space |
| STB | 0 | 0 | |a Arts,Espace,Espace,Espace,Espace,Science,Science |
| STC | 0 | 0 | |a Artes,Ciencia,Ciencia,Ciencias,Espacio,Espacio,Espacio |
| STD | 0 | 0 | |a Arti,Scienza <motivo>,Scienza,Sapere,Sapere,Sapere (motivo),Sapere,Spazio,Spazio,Spazio |
| STE | 0 | 0 | |a 科学,科学,学科,学科,空间,空间,艺术 |
| STF | 0 | 0 | |a 科學,科學,學科,學科,空间 (数学),空間,空間,藝術 |
| STG | 0 | 0 | |a Artes,Ciência,Ciência,Espaço,Espaço,Espaço |
| STH | 0 | 0 | |a Искусства,Наука (мотив),Наука,Пространство (математика),Пространство (мотив),Пространство |
| STI | 0 | 0 | |a Επιστήμη (μοτίβο),Επιστήμη,Τέχνες,Χώρος (μαθηματικά),Χώρος (μοτίβο),Χώρος |
| SUB | |a REL | ||
| SYG | 0 | 0 | |a Raumauffassung,Raumverständnis,Raumauffassung,Raumverständnis , Kunst,Schöne Künste,Arts , Wissenschaften,Science,Bürgerliche Wissenschaft,Wissenschaften |
| TIM | |a 100020100101_100020101231 |b 2010 - 2010 | ||



